00494nam a22001937a 450000500170000001000110001702000100002803500110003803700160004904000120006508200110007710000240008824500790011226000260019130000210021765000190023865000220025770000210027920170124110130.0 a503303 c00.00 a503303 bCen Lib/Ret aDPLbEN aNbBEA aBeauvoir, Simone De aLes belles images /cby Simone De Beauvoir ; translated by Patrick O'Brian aLondonbCollinsc1968 a222p. c18cm(Hb) aFrench fiction aFrench literature aO'Brian, Patrick